[Event "World Blitz 2016"]
[Site "Doha QAT"]
[Date "2016.12.30"]
[Round "19.3"]
[White "Nakamura,Hi"]
[Black "Grischuk,A"]
[Result "0-1"]
[WhiteElo "2779"]
[BlackElo "2737"]

1.c4 c5 2.g3 g6 3.Bg2 Bg7 4.e3 e6 5.d4 cxd4 6.exd4 d5 7.cxd5 exd5 8.Nc3 Ne7
9.Nge2 Nbc6 10.O-O O-O 11.Be3 Be6 12.Qd2 Nf5 13.Rac1 Re8 14.Na4 Qa5 15.Qxa5 Nxa5
16.b3 Nc6 17.Rfd1 Nxe3 18.fxe3 Bg4 19.Kf2 Bxe2 20.Kxe2 Nxd4+ 21.Kf2 Nf5 22.Rd3 Nxe3
23.Bxd5 Rad8 24.Be4 Ng4+ 25.Kg2 Rxd3 26.Bxd3 Rd8 27.Be2 Rd2 28.Rc8+ Bf8 29.Nc3 Rc2
30.Kf3 Nxh2+ 31.Ke3 Kg7 32.Kd3 Rc1 33.Rb8 Bd6 34.Rxb7 Bxg3 35.Ne4 Bf4 36.Rxa7 h5
37.b4 Ng4 38.Nc5 Bd6 39.Kd4 Ne5 40.Ra6 Bc7 41.Kd5 h4 42.Ra7 Bb8 43.Ra3 Re1
44.Na6 Rxe2 45.Nxb8 g5 46.Rh3 Ng6 47.Rh1 Nf4+ 48.Kd4 Rxa2 49.Nc6 Rd2+ 50.Ke4 Nh5
51.Rb1 Ng3+ 52.Ke3 Rd6 53.b5 h3 54.b6 Rxc6 55.b7 Rc3+ 56.Kf2 Ne4+ 57.Kg1 Rg3+
58.Kh2 g4 59.Rb2 Re3 60.b8=Q Ng5 61.Rb3 g3+ 62.Qxg3 Rxg3 63.Kxg3 Kg6 64.Rb4 f6
65.Rb6 Kf5 66.Rb5+ Kg6 67.Kg4 h2 68.Rb1 Ne4 69.Rf1 h1=Q  0-1

[Event "World Blitz 2016"]
[Site "Doha QAT"]
[Date "2016.12.30"]
[Round "20.6"]
[White "Mamedov,Rau"]
[Black "Nakamura,Hi"]
[Result "0-1"]
[WhiteElo "2688"]
[BlackElo "2779"]

1.e4 c5 2.Nf3 d6 3.Nc3 a6 4.a4 g6 5.d4 cxd4 6.Nxd4 Nf6 7.Be2 Bg7 8.O-O O-O
9.Nb3 b6 10.Re1 Bb7 11.Bf1 Nbd7 12.Nd5 e6 13.Nc3 Qc7 14.Bf4 Ne5 15.Qd2 Rfd8
16.Bh6 Bh8 17.Bg5 Rd7 18.Qf4 Ne8 19.Qh4 Nc4 20.Bxc4 Qxc4 21.Nd2 Qb4 22.Rab1 d5
23.exd5 Qxh4 24.Bxh4 Bxd5 25.Nxd5 Rxd5 26.Nf3 Rc8 27.c3 Rc4 28.Rbd1 Rxd1
29.Rxd1 Rxa4 30.h3 Bf6 31.Bg3 Ra2 32.Rd2 b5 33.Ne5 h5 34.Nc6 a5 35.Be5 Kg7
36.Rd7 Rxb2 37.f4 Kf8 38.Ra7 Bh4 39.g4 Bf2+  0-1

[Event "World Blitz 2016"]
[Site "Doha QAT"]
[Date "2016.12.30"]
[Round "21.5"]
[White "Nakamura,Hi"]
[Black "Artemiev,V"]
[Result "1-0"]
[WhiteElo "2779"]
[BlackElo "2653"]

1.c4 e5 2.g3 Nf6 3.Bg2 Nc6 4.Nc3 g6 5.d3 Bg7 6.Rb1 a5 7.Nf3 O-O 8.O-O d6
9.a3 Re8 10.Bg5 h6 11.Bxf6 Bxf6 12.b4 axb4 13.axb4 Bg7 14.b5 Ne7 15.Nd2 e4
16.Qc2 e3 17.fxe3 Nf5 18.Nd1 Nxe3 19.Nxe3 Rxe3 20.Rbe1 Qe8 21.Bd5 Bf5 22.Be4 Bd4
23.Kg2 Bxe4+ 24.Nxe4 f5 25.Nf2 Qe7 26.Nd1 Re6 27.Qd2 Kg7 28.e3 Bf6 29.Re2 c6
30.bxc6 bxc6 31.d4 Re8 32.Rfe1 Qb7 33.Nf2 c5+ 34.d5 Re5 35.e4 Qe7 36.Qd3 fxe4
37.Nxe4 Kh7 38.Qf3 Bg7 39.h4 Rf8 40.Qd3 Kh8 41.Nf2 Qf7 42.Ng4 Rxe2+ 43.Qxe2 h5
44.Nf2 Bd4 45.Nh3 Be5 46.Ng5 Qf5 47.Nf3 Bc3 48.Rc1 Bf6 49.Rf1 Bg7 50.Rf2 Qd7
51.Qe4 Qf5 52.Qxf5 Rxf5 53.Ra2 Rf8 54.Ra6 Rb8 55.Rxd6 Rb4 56.Ng5 Bd4 57.Rxg6 Rxc4
58.d6 Rc2+ 59.Kf3 Rf2+ 60.Ke4 Rf8 61.d7 Bg7 62.d8=R Rxd8 63.Nf7+ Kh7 64.Rxg7+ Kxg7
65.Nxd8 Kf6 66.Nc6 c4 67.Nb4 Ke6 68.Nd5 Kd6 69.Kd4 Ke6 70.Kxc4 Kf5 71.Nf4 Kg4
72.Ne2 Kf3 73.Kd3  1-0

[Event "PRO League Atlantic 2017"]
[Site "chess.com INT"]
[Date "2017.01.18"]
[Round "2"]
[White "Nakamura,Hi"]
[Black "Paragua,M"]
[Result "1/2-1/2"]
[WhiteElo "2785"]
[BlackElo "2492"]

1.d4 Nf6 2.Bg5 Ne4 3.Bf4 d5 4.e3 c5 5.Bd3 Nf6 6.c3 Nc6 7.Nf3 Qb6 8.Qc1 Bg4
9.Nbd2 e6 10.O-O Be7 11.dxc5 Bxc5 12.b4 Be7 13.a3 O-O 14.c4 dxc4 15.Nxc4 Qd8
16.Nfe5 Nxe5 17.Nxe5 Bh5 18.Qb1 Rc8 19.h3 Bd6 20.g4 Bg6 21.Rd1 Bxd3 22.Qxd3 Nd5
23.Bg3 f6 24.Nf7 Rxf7 25.Bxd6 Qxd6 26.e4 Rd7 27.exd5 Qe5 28.Qb5 Rcd8 29.Qa4 b5
30.Qxb5 Rxd5 31.Qf1 h5 32.Rxd5 Rxd5 33.Re1 Qf4 34.Rxe6 hxg4 35.Re8+ Kf7 36.Qe2 Qc1+
37.Kh2 Qf4+  1/2-1/2

[Event "PRO League Atlantic 2017"]
[Site "chess.com INT"]
[Date "2017.01.18"]
[Round "2"]
[White "Nakamura,Hi"]
[Black "Barbosa,O PHI"]
[Result "1-0"]
[WhiteElo "2785"]
[BlackElo "2518"]

1.d4 d5 2.c4 c6 3.Nf3 Nf6 4.e3 Bg4 5.h3 Bxf3 6.Qxf3 e6 7.Nc3 Bb4 8.Bd3 Nbd7
9.O-O O-O 10.Bd2 Re8 11.a3 Ba5 12.Rfd1 e5 13.Bf1 exd4 14.exd4 Bxc3 15.Bxc3 dxc4
16.Bxc4 Nb6 17.Ba5 Qd6 18.Bxb6 axb6 19.Qb3 Qc7 20.a4 Rad8 21.Rac1 Ne4 22.Qf3 Nd6
23.Bb3 Qe7 24.d5 c5 25.a5 Qc7 26.Qc3 Re2 27.Bc2 c4 28.Bd3 Re7 29.axb6 Qxb6
30.Bxc4 Nxc4 31.Qxc4 Qxb2 32.d6 Red7 33.Rd5 h6 34.Rcd1 Qf6 35.Qb4 Qe6 36.h4 h5
37.g3 Qf6 38.Qb6 g6 39.R1d3 Re8 40.Kg2 Re5 41.Qc5 Rxd5 42.Rxd5 Kg7 43.Rd2 Qe6
44.f3 Qf6 45.Qd5 Qe6 46.Qd4+ Qf6 47.Qb4 Qe6 48.Qc3+ Qf6 49.Qc5 Qe6 50.Kf2 Qf6
51.Qd5 Qc3 52.Rd3 Qb2+ 53.Rd2 Qc3 54.f4 Kg8 55.Rd3 Qb2+ 56.Kf3 Qa1 57.Rd1 Qc3+
58.Kg2 Qb2+ 59.Kh3 Qe2 60.Qd4 Qg4+ 61.Kg2 Qe2+ 62.Kg1 Kh7 63.Rd2 Qf3 64.Kh2 b5
65.Qc5 Qb7 66.f5 b4 67.fxg6+ fxg6 68.Qe5 b3 69.Rf2 Rf7 70.Re2 Qa7 71.Qb2 Qb6
72.Rd2 Qb7 73.Qd4 Rf1 74.Rg2 Rf7 75.Re2 Qb5 76.Rd2 Rd7 77.Qc3 Qb6 78.Qe5 Qb4
79.Rf2 Qb8 80.Qe6 Qb7 81.Rf8 b2 82.Qe8 Rd8 83.Rf7+ Qxf7 84.Qxf7+ Kh6 85.Qf4+ Kh7
86.Qf7+ Kh6 87.Qb7 Rxd6 88.Qxb2 Rd8 89.Qc1+  1-0

[Event "PRO League Atlantic 2017"]
[Site "chess.com INT"]
[Date "2017.01.18"]
[Round "2"]
[White "Yudasin,L"]
[Black "Nakamura,Hi"]
[Result "1/2-1/2"]
[WhiteElo "2517"]
[BlackElo "2785"]

1.e4 e5 2.Nf3 Nc6 3.Bc4 Bc5 4.c3 Nf6 5.d3 d6 6.O-O a6 7.Bb3 h6 8.Re1 O-O
9.Nbd2 Be6 10.Nf1 Bxb3 11.Qxb3 Re8 12.Be3 Bxe3 13.Nxe3 Qd7 14.Rad1 Ne7 15.Nh4 c6
16.Nef5 Nxf5 17.Nxf5 g6 18.Ne3 d5 19.exd5 Nxd5 20.g3 Re7 21.d4 e4 22.c4 Nxe3
23.Qxe3 Kh7 24.d5 cxd5 25.Rxd5 Qa4 26.Qb3 Qc6 27.Qb4 Rae8 28.Qc3 b5 29.Rd4 bxc4
30.Qxc4 Qb7 31.Qb4 Qc6 32.Qc4 Qb7 33.Qb4 Qa8 34.Qb3 Qa7 35.Qe3 Qb6 36.b3 h5
37.h4 Qa5 38.Qd2 Qxd2 39.Rxd2 e3 40.Rxe3 Rxe3 41.fxe3 Rxe3 42.Kf2 Rc3 43.Rb2 Kg7
44.a4 a5 45.b4 axb4 46.Rxb4 Ra3 47.Rf4  1/2-1/2

[Event "PRO League Atlantic 2017"]
[Site "chess.com INT"]
[Date "2017.01.18"]
[Round "2"]
[White "Biag,Ivan Gil"]
[Black "Nakamura,Hi"]
[Result "1/2-1/2"]
[WhiteElo "2337"]
[BlackElo "2785"]

1.d4 f5 2.c4 Nf6 3.Nc3 d6 4.Nf3 g6 5.g3 Bg7 6.Bg2 O-O 7.O-O Nc6 8.d5 Na5
9.Qd3 c5 10.Bd2 a6 11.b3 b5 12.Rab1 Rb8 13.cxb5 axb5 14.Nxb5 Ba6 15.a4 Qb6
16.b4 cxb4 17.Rxb4 Ne4 18.Ng5 Nxd2 19.Qxd2 Bh6 20.Rh4 Bxg5 21.Qxg5 Bxb5 22.axb5 Rf7
23.Rb1 Nb7 24.Ra4 Nc5 25.Raa1 Kg7 26.Qe3 Qc7 27.Qd4+ Rf6 28.e3 Qb6 29.h4 h5
30.Bf3 Kf7 31.Kg2 Kg8 32.Ra2 Rff8 33.Be2 Kf7 34.f3 Rfc8 35.Rbb2 Nd7 36.Qxb6 Nxb6
37.e4 Rc3 38.Rc2 Rbc8 39.Rxc3 Rxc3 40.Ra6 Nd7 41.Ra7 Nf6 42.exf5 gxf5 43.b6 Rc2
44.Kf1 Rb2 45.b7 Nd7 46.f4 Rb1+ 47.Kg2 Rb2 48.Kf1 Rb1+ 49.Kg2 Rb2 50.Kf1 Rb1+  1/2-1/2

[Event "Gibraltar Masters 2017"]
[Site "Caleta ENG"]
[Date "2017.01.24"]
[Round "1.3"]
[White "Nakamura,Hi"]
[Black "Gulamali,K"]
[Result "1-0"]
[WhiteElo "2785"]
[BlackElo "2341"]

1.d4 Nf6 2.c4 e6 3.Nf3 b6 4.g3 Bb7 5.Bg2 Be7 6.O-O O-O 7.Re1 Na6 8.Nc3 Ne4
9.Bf4 Nxc3 10.bxc3 Be4 11.Bf1 c6 12.Nd2 Bg6 13.e4 Nc7 14.h4 h6 15.e5 d5 16.exd6 Bxd6
17.Bxd6 Qxd6 18.Bg2 Rac8 19.Qa4 c5 20.Nb3 cxd4 21.Nxd4 a6 22.Nc6 b5 23.Qb4 Qxb4
24.cxb4 bxc4 25.Ne7+ Kh7 26.Nxc8 Rxc8 27.Re5 Rb8 28.Rc5 Nd5 29.a3 Bd3 30.Bf1 Bxf1
31.Kxf1 c3 32.Ke2 Kg6 33.Rd1 Kf5 34.Rd4 Ke5 35.Rdc4 Rb7 36.Rxc3  1-0

[Event "Gibraltar Masters 2017"]
[Site "Caleta ENG"]
[Date "2017.01.25"]
[Round "2.3"]
[White "Santos Ruiz,Miguel"]
[Black "Nakamura,Hi"]
[Result "0-1"]
[WhiteElo "2484"]
[BlackElo "2785"]

1.e4 c5 2.Nf3 d6 3.d4 cxd4 4.Nxd4 Nf6 5.Nc3 Nc6 6.Bg5 e6 7.Qd2 Be7 8.O-O-O O-O
9.h4 Nxd4 10.Qxd4 Qa5 11.Kb1 a6 12.Qd2 b6 13.Rh3 Bb7 14.a3 Qc5 15.h5 Rfe8
16.h6 Rac8 17.Be3 Qa5 18.hxg7 Nxe4 19.Nxe4 Bxe4 20.Bd3 Qxd2 21.Bxd2 Bxd3
22.cxd3 Bf6 23.Rdh1 Bxg7 24.Rxh7 Rc5 25.Bc3 Bxc3 26.bxc3 Kf8 27.Rh8+ Ke7
28.Rxe8+ Kxe8 29.Kc2 Re5 30.Rd1 Kd7 31.Rd2 Kc6 32.c4 Re1 33.Kc3 Rc1+ 34.Kb2 Rg1
35.g3 Kc5 36.Kc3 Rc1+ 37.Kb2 Rf1 38.Kc3 Rc1+ 39.Kb2 Rf1 40.Kc3 d5 41.cxd5 exd5
42.Re2 a5 43.f4 Ra1 44.Kb2 Rg1 45.Kc3 Rxg3 46.Re7 d4+ 47.Kc2 Kb5 48.Rxf7 Ka4
49.Rd7 Rg2+ 50.Kc1 Kxa3 51.Rxd4 b5 52.Rd5 Kb4 53.f5 a4  0-1

[Event "Gibraltar Masters 2017"]
[Site "Caleta ENG"]
[Date "2017.01.26"]
[Round "3.1"]
[White "Nakamura,Hi"]
[Black "Gopal,G"]
[Result "1/2-1/2"]
[WhiteElo "2785"]
[BlackElo "2579"]

1.e4 c5 2.Nf3 d6 3.d4 cxd4 4.Nxd4 Nf6 5.Nc3 a6 6.Bg5 Nbd7 7.Qe2 h6 8.Bxf6 Nxf6
9.g3 e5 10.Nf5 Be6 11.O-O-O g6 12.Ne3 Rc8 13.Ned5 Nxd5 14.Nxd5 Rc5 15.b4 Rxd5
16.exd5 Bd7 17.h4 h5 18.Kb2 Bg7 19.c3 O-O 20.a3 f5 21.Ka2 Qc7 22.c4 e4 23.Qd2 a5
24.b5 Qc5 25.Qe3 Qxe3 26.fxe3 Be5 27.Rg1 b6 28.Be2 Kf7 29.Rdf1 Ke7 30.Kb3 Rc8
31.a4 Rc7 32.Kc2 Rc8 33.Kd2 Rh8 34.Rf4 Bxf4 35.gxf4 Kf6 36.Kc3 Rc8 37.Kd4 Be8
38.Bd1 Bf7 39.Bb3 Rc7 40.Ba2 Rc8 41.Bb3 Rc7 42.Ba2 Rc8 43.Bb3  1/2-1/2

[Event "Gibraltar Masters 2017"]
[Site "Caleta ENG"]
[Date "2017.01.27"]
[Round "4.7"]
[White "Gledura,B"]
[Black "Nakamura,Hi"]
[Result "0-1"]
[WhiteElo "2589"]
[BlackElo "2785"]

1.Nf3 d5 2.g3 g6 3.c4 dxc4 4.Na3 Bg7 5.Nxc4 Nc6 6.d3 e5 7.Bd2 Nge7 8.Rc1 Be6
9.Bg2 a5 10.O-O O-O 11.b3 f6 12.Qc2 Qd7 13.Rfd1 Rfd8 14.Bc3 Nd5 15.Bb2 Bh6
16.e3 a4 17.a3 axb3 18.Qb1 Bf8 19.d4 exd4 20.Bxd4 Qf7 21.Qxb3 Nb6 22.Nfd2 Nxc4
23.Nxc4 Na5  0-1

[Event "Gibraltar Masters 2017"]
[Site "Caleta ENG"]
[Date "2017.01.28"]
[Round "5.3"]
[White "Nakamura,Hi"]
[Black "Iturrizaga,E"]
[Result "1-0"]
[WhiteElo "2785"]
[BlackElo "2652"]

1.d4 Nf6 2.c4 e6 3.Nf3 b6 4.g3 Bb7 5.Bg2 Be7 6.O-O O-O 7.Nc3 Ne4 8.Bd2 Bf6
9.Rc1 d6 10.d5 Nxd2 11.Nxd2 e5 12.b4 a5 13.a3 axb4 14.axb4 Na6 15.Qb3 Bg5
16.e3 f5 17.f4 Bf6 18.fxe5 Bxe5 19.Nf3 Kh8 20.Nxe5 dxe5 21.Nb5 Qd7 22.Qc3 Rae8
23.Rcd1 Rf6 24.e4 fxe4 25.Bxe4 c6 26.dxc6 Rxf1+ 27.Rxf1 Bxc6 28.Qf3  1-0

[Event "Gibraltar Masters 2017"]
[Site "Caleta ENG"]
[Date "2017.01.29"]
[Round "6.1"]
[White "Nakamura,Hi"]
[Black "Lagarde,Max"]
[Result "1-0"]
[WhiteElo "2785"]
[BlackElo "2594"]

1.Nf3 c5 2.c4 Nf6 3.Nc3 d5 4.cxd5 Nxd5 5.g3 Nc6 6.Bg2 Nxc3 7.bxc3 e5 8.d3 Be7
9.O-O Be6 10.Rb1 Rb8 11.c4 e4 12.Ne1 exd3 13.Nxd3 Qd7 14.Be3 b6 15.Nxc5 Bxc5
16.Bxc5 Qxd1 17.Rfxd1 bxc5 18.Bxc6+ Ke7 19.Rb3 Bxc4 20.Rd7+ Kf6 21.Rf3+ Kg6
22.Rd6+ Be6 23.Be4+ Kh5 24.Ra6 Rb2 25.Rc3 Rc8 26.Bf3+ Kg5 27.h4+ Kf5 28.a4 Rc7
29.Ra5 Bd7 30.Rcxc5+ Rxc5 31.Rxc5+ Ke6 32.Ra5 Rb4 33.Ra6+ Ke7 34.a5  1-0

[Event "Gibraltar Masters 2017"]
[Site "Caleta ENG"]
[Date "2017.01.30"]
[Round "7.1"]
[White "Anton Guijarro,D"]
[Black "Nakamura,Hi"]
[Result "1/2-1/2"]
[WhiteElo "2650"]
[BlackElo "2785"]

1.d4 Nf6 2.c4 e6 3.Nf3 d5 4.Nc3 a6 5.cxd5 exd5 6.Bg5 Be6 7.e3 Nbd7 8.Bd3 h6
9.Bh4 g5 10.Bg3 Nh5 11.Be5 Ng7 12.Bg3 Nh5 13.Be5 Ng7 14.Bg3 Nh5  1/2-1/2

[Event "Gibraltar Masters 2017"]
[Site "Caleta ENG"]
[Date "2017.01.31"]
[Round "8.2"]
[White "Yu Yangyi"]
[Black "Nakamura,Hi"]
[Result "1/2-1/2"]
[WhiteElo "2738"]
[BlackElo "2785"]

1.d4 Nf6 2.c4 e6 3.Nf3 d5 4.Nc3 Be7 5.Bf4 O-O 6.e3 c5 7.dxc5 Bxc5 8.cxd5 Nxd5
9.Nxd5 exd5 10.a3 Nc6 11.Bd3 Bb6 12.O-O Bg4 13.h3 Bh5 14.b4 a6 15.Rc1 d4
16.Be4 dxe3 17.Bxe3 Bxe3 18.Qxd8 Bxf2+ 19.Rxf2 Rfxd8 20.Bxc6 bxc6 21.Ne5 f6
22.Nxc6 Rd3 23.a4 Be8 24.Rb2 Kf8 25.b5 axb5 26.axb5 Rd6 27.Rbc2 Rd5 28.Rb2 Rd6
29.Rbc2 Rd5 30.Rb2 Rd6 31.Rbc2  1/2-1/2

[Event "Gibraltar Masters 2017"]
[Site "Caleta ENG"]
[Date "2017.02.01"]
[Round "9.3"]
[White "Nakamura,Hi"]
[Black "Caruana,F"]
[Result "1/2-1/2"]
[WhiteElo "2785"]
[BlackElo "2827"]

1.d4 d5 2.c4 dxc4 3.Nf3 Nf6 4.e3 e6 5.Bxc4 c5 6.O-O a6 7.dxc5 Bxc5 8.Qxd8+ Kxd8
9.Nbd2 Ke7 10.b3 b6 11.Be2 a5 12.Ne5 Ba6 13.Ndc4 Nfd7 14.Nxd7 Nxd7 15.Bb2 f6
16.Rfd1 Rhd8 17.a3 Rac8 18.Rdc1 Bb7 19.Bc3 Bd5 20.b4 axb4 21.axb4 Bxc4 22.Bxc4 Bd6
23.Be1 f5 24.h3 Nf6 25.Kf1 Rc7 26.Bb3 Rxc1 27.Rxc1 Ra8 28.Rc6 Nd7 29.Rc1 Ra3
30.Bc4 Nf6 31.Ke2 g5 32.Rc2 h5 33.f3 b5 34.Ra2 Rxa2+ 35.Bxa2 Nd5 36.Bxd5 exd5
37.g4 hxg4 38.hxg4 fxg4 39.fxg4 Ke6 40.Kd3 Be7 41.e4 dxe4+ 42.Kxe4 Bd6 43.Bd2 Be7
44.Be1 Bd6 45.Bd2 Be7  1/2-1/2

[Event "Gibraltar Masters TB"]
[Site "Caleta ENG"]
[Date "2017.02.02"]
[Round "1.3"]
[White "Nakamura,Hi"]
[Black "Yu Yangyi"]
[Result "1-0"]
[WhiteElo "2785"]
[BlackElo "2738"]

1.c4 Nf6 2.g3 e6 3.Bg2 d5 4.Nf3 Be7 5.O-O O-O 6.d4 c6 7.Qc2 b6 8.Nbd2 Bb7
9.e4 Na6 10.a3 c5 11.exd5 exd5 12.Rd1 Rc8 13.dxc5 Nxc5 14.b4 Ne6 15.Bb2 dxc4
16.Nxc4 Qc7 17.Rac1 Qb8 18.Qe2 Qa8 19.Nh4 Bxg2 20.Nxg2 Rfe8 21.h4 Ne4 22.Nge3 Bf8
23.Qg4 b5 24.Ne5 Nf6 25.Qf3 Qxf3 26.Nxf3 Ne4 27.Rxc8 Rxc8 28.Rd7 Rc7 29.Rxc7 Nxc7
30.Nd4 f6 31.Nc6 a6 32.Bd4 Bd6 33.Nf5 Ne8 34.Kg2 Nd2 35.Be3 Nc4 36.Bc1 Kf7
37.Kf3 Ne5+ 38.Nxe5+ Bxe5 39.Ke4 Ke6 40.Nd4+ Kd7 41.Nb3 Kc6 42.Kd3 Nc7 43.f4 Bd6
44.Ke4 Na8 45.Be3 Nc7 46.h5 Kd7 47.g4 Ke6 48.Bc5 Ne8 49.Nd4+ Kd7 50.Nb3 Ke6
51.Bd4 g6 52.f5+ gxf5+ 53.gxf5+ Kd7 54.h6 Be7 55.Kd5 Nc7+ 56.Ke4 Ne8 57.Bc5 Bxc5
58.Nxc5+ Kc6 59.Ne6 Nd6+ 60.Kf4 Nf7 61.Nf8 Nxh6 62.Nxh7 Kd5 63.Nxf6+ Kc4
64.Ne4 Nf7 65.f6 Kb3 66.Nc5+ Kxa3 67.Nxa6 Kb3 68.Kf5 Kc4 69.Ke6 Ng5+ 70.Ke7  1-0

[Event "Gibraltar Masters TB"]
[Site "Caleta ENG"]
[Date "2017.02.02"]
[Round "1.2"]
[White "Nakamura,Hi"]
[Black "Yu Yangyi"]
[Result "1/2-1/2"]
[WhiteElo "2785"]
[BlackElo "2738"]

1.b3 c5 2.Bb2 Nc6 3.Nf3 d6 4.d4 cxd4 5.Nxd4 Nf6 6.Nxc6 bxc6 7.e3 g6 8.Be2 Bg7
9.O-O O-O 10.c4 c5 11.Bf3 Rb8 12.Nc3 Nd7 13.Qd2 Ne5 14.Be2 Bb7 15.Rad1 a6
16.Qc1 Re8 17.Qa1 Nd7 18.Rd2 Qc8 19.Rfd1 Bc6 20.Nd5 Bxb2 21.Qxb2 a5 22.Bg4 a4
23.e4 axb3 24.axb3 Bxd5 25.Rxd5 Qb7 26.Bxd7 Qxd7 27.e5 Qb7 28.exd6 exd6 29.R5d3 Re6
30.Rxd6 Rxd6 31.Rxd6 Qe4 32.h3 h5 33.Rd5 Qe7 34.Qc3 Re8 35.Qd2 Qe1+ 36.Qxe1 Rxe1+
37.Kh2 Rb1 38.Rd3 h4 39.g4 hxg3+ 40.Kxg3 Rb2 41.Kf3 Kf8 42.Re3 f5 43.h4 Kf7
44.Kg3 Kf6 45.Rd3 g5 46.f3 Kg6 47.hxg5 Kxg5 48.f4+ Kh5 49.Re3 Rb1 50.Kh3 Rf1
51.Kg3 Rb1 52.Rc3 Rf1 53.Rd3 Rb1 54.Kh3 Rf1 55.Kg2 Rb1 56.Kg3 Rf1 57.Rd5 Rg1+
58.Kf2 Rb1 59.Rxf5+ Kg4 60.Rxc5 Rxb3 61.f5 Rf3+ 62.Ke2 Rxf5 63.Rb5 Kf4 64.Kd3 Rxb5
65.cxb5 Ke5  1/2-1/2

[Event "Gibraltar Masters TB"]
[Site "Caleta ENG"]
[Date "2017.02.02"]
[Round "1.1"]
[White "Yu Yangyi"]
[Black "Nakamura,Hi"]
[Result "1/2-1/2"]
[WhiteElo "2738"]
[BlackElo "2785"]

1.d4 Nf6 2.c4 e6 3.Nf3 d5 4.Nc3 Be7 5.Bf4 O-O 6.e3 c5 7.dxc5 Bxc5 8.cxd5 Nxd5
9.Nxd5 exd5 10.Bd3 Bb4+ 11.Nd2 Nc6 12.O-O Be6 13.Nb3 Qf6 14.a3 Be7 15.Qd2 Rfd8
16.Nd4 Nxd4 17.exd4 Bf5 18.Be2 Rac8 19.Rac1 Qb6 20.Bf3 Be6 21.Be3  1/2-1/2

[Event "Gibraltar Masters TB"]
[Site "Caleta ENG"]
[Date "2017.02.02"]
[Round "1.4"]
[White "Yu Yangyi"]
[Black "Nakamura,Hi"]
[Result "0-1"]
[WhiteElo "2738"]
[BlackElo "2785"]

1.e4 e5 2.Nf3 Nc6 3.d4 exd4 4.Nxd4 Bc5 5.Nxc6 Qf6 6.Qf3 dxc6 7.Nc3 Be6 8.Be3 Bb4
9.Bd2 O-O-O 10.O-O-O Qg6 11.Qg3 f5 12.Bd3 Nf6 13.f3 Qxg3 14.hxg3 fxe4 15.Nxe4 Nxe4
16.Bxe4 Bxd2+ 17.Rxd2 h6 18.g4 Rd6 19.Re2 Rf8 20.Rh5 Kd8 21.b3 Bd7 22.a4 b6
23.Re5 a5 24.g5 c5 25.Bd3 Re8 26.gxh6 gxh6 27.f4 Rde6 28.Kd2 Rxe5 29.Rxe5 Rxe5
30.fxe5 Ke7 31.Ke3 Bc6 32.Be4 Bd7 33.Bd3 Bc6 34.g4 Bd7 35.Kf4 Be6 36.Bf5 Bd5
37.Be4 Be6 38.c4 Bd7 39.Bd5 Bc8 40.Kg3 Bd7 41.Kf4 Bc8 42.Kf3 Bd7 43.Kg3 Be8
44.Kf4 Bg6 45.Be4 Be8 46.Bd3 Bd7 47.Bg6 Bc6 48.Bf5 Be8 49.Kg3 Bf7 50.Kf4 Be8
51.Ke3 Bc6 52.Be4 Bd7 53.Kf3 Be8 54.Kf4 Bd7 55.Bd5 Bc8 56.Bf3 Bd7 57.Kg3 Ke6
58.Kf4 Ke7 59.Bd1 Be6 60.Kg3 Bd7 61.Kf4 Be6 62.Bc2 Bd7 63.Be4 Be6 64.Bf5 Bf7
65.Ke4 Bg8 66.Bc8 Bh7+ 67.Kd5 Bc2 68.Kc6 Kd8 69.Bf5 Bxb3 70.Kb5 Bd1 71.e6 Bf3
72.Ka6 Bc6 73.Bc2 Ke7  0-1

[Event "Gibraltar Masters TB"]
[Site "Caleta ENG"]
[Date "2017.02.02"]
[Round "2.2"]
[White "Nakamura,Hi"]
[Black "Anton Guijarro,D"]
[Result "1-0"]
[WhiteElo "2785"]
[BlackElo "2650"]

1.Nf3 Nf6 2.d4 e6 3.c4 b6 4.g3 Bb7 5.Bg2 Be7 6.O-O O-O 7.Nc3 Ne4 8.Bd2 Bf6
9.Rc1 d6 10.d5 Nxc3 11.Bxc3 Bxc3 12.Rxc3 e5 13.e4 a5 14.Nd2 Nd7 15.f4 Qe7
16.Nf3 f6 17.Re1 Nc5 18.Rce3 Bc8 19.Qc2 Bd7 20.b3 Rfb8 21.a3 b5 22.cxb5 Rxb5
23.Nd2 Rb7 24.Rb1 Be8 25.b4 axb4 26.axb4 Nd7 27.Nc4 Nf8 28.Na5 Rba7 29.f5 g6
30.g4 h5 31.Bf3 Qh7 32.Kh1 Qh6 33.Rc3 Nh7 34.fxg6 Bxg6 35.gxh5 Bxh5 36.Qf2 Bxf3+
37.Rxf3 Kh8 38.Rg1 Ra6 39.Qf1 R6a7 40.Rh3 Qf4 41.Qe2 Rg8 42.Rxh7+ Kxh7 43.Qh5+ Qh6
44.Qxh6+ Kxh6 45.Rxg8 Ra6 46.Kg2 Rb6 47.Nc6 Ra6 48.Ne7 Ra4 49.Nf5+ Kh5 50.h4 Rxb4
51.Kh3 Rc4 52.Rh8+ Kg6 53.h5+ Kg5 54.Ng3 Rc3 55.Rg8+  1-0

[Event "Gibraltar Masters TB"]
[Site "Caleta ENG"]
[Date "2017.02.02"]
[Round "2.1"]
[White "Anton Guijarro,D"]
[Black "Nakamura,Hi"]
[Result "1/2-1/2"]
[WhiteElo "2650"]
[BlackElo "2785"]

1.d4 Nf6 2.c4 e6 3.Nf3 d5 4.Nc3 Be7 5.Bg5 h6 6.Bxf6 Bxf6 7.e3 O-O 8.Qc2 dxc4
9.Bxc4 c5 10.dxc5 Nd7 11.c6 bxc6 12.O-O Rb8 13.Rac1 c5 14.Rfd1 Qe7 15.b3 Bb7
16.Ne4 Rfd8 17.Be2 Bxe4 18.Qxe4 g6 19.g3 Bg7 20.Qc2 Rdc8 21.Ba6 Rc7 22.Bc4 Ne5
23.Nxe5 Bxe5 24.Rd3 Rd7 25.Rxd7 Qxd7 26.Rd1 Qc6 27.Rd3 Rc8 28.Qd1 Rc7 29.Rd2 Kg7
30.Rd8 h5 31.h4 Re7 32.Be2 Qc7 33.Kg2 Qc6+ 34.Bf3 Qc7 35.Qd3 Bf6 36.Qd6 Qxd6
37.Rxd6 Rc7 38.Ra6 Bc3 39.Be2 Kf8 40.Kf3 Ke7 41.Bb5 Kd8 42.Ke2 Rb7 43.Bd3 Rd7
44.Bb5 Rb7 45.Ba4 Rc7 46.Rd6+ Ke7 47.Rd3 Bb4 48.Bb5 a6 49.Bc4 Rc6 50.f4 a5
51.a4  1/2-1/2

[Event "Gibraltar Masters 2017"]
[Site "Caleta ENG"]
[Date "2017.02.02"]
[Round "10.3"]
[White "Edouard,R"]
[Black "Nakamura,Hi"]
[Result "0-1"]
[WhiteElo "2613"]
[BlackElo "2785"]

1.d4 Nf6 2.c4 e6 3.Nc3 Bb4 4.Nf3 O-O 5.Bg5 c5 6.Rc1 h6 7.Bh4 cxd4 8.Nxd4 d5
9.e3 e5 10.Nf3 d4 11.exd4 exd4 12.Nxd4 Qb6 13.Nf3 Rd8 14.Qc2 g5 15.Bg3 Nc6
16.Bd3 g4 17.Nh4 Bf8 18.Qb1 Re8+ 19.Kf1 Be6 20.h3 Nh5 21.Ne4 Nxg3+ 22.Nxg3 Rad8
23.hxg4 Ne5 24.Be2 Bxg4 25.Bxg4 Nxg4 26.Qc2 Bb4 27.c5 Qa6+ 28.Kg1 Be1 29.Rh3 Bxf2+
30.Kh1 Re1+ 31.Rxe1 Bxe1 32.Nf3 Nf2+ 33.Kh2 Nxh3 34.Nxe1 Ng5 35.Qc3 Qg6  0-1

[Event "PRO League KO Stage 2017"]
[Site "chess.com INT"]
[Date "2017.03.08"]
[Round "2"]
[White "Nakamura,Hi"]
[Black "Pichot,A"]
[Result "0-1"]
[WhiteElo "2793"]
[BlackElo "2556"]

1.d4 Nf6 2.c4 e6 3.g3 d5 4.Bg2 Bb4+ 5.Nd2 O-O 6.Nf3 b6 7.O-O Bb7 8.cxd5 exd5
9.a3 Bd6 10.b4 Nbd7 11.Bb2 Re8 12.e3 Ne4 13.Qb3 Ndf6 14.Rac1 a5 15.b5 a4
16.Qd3 Ra5 17.Bc3 Nxc3 18.Rxc3 Ne4 19.Rc2 Qd7 20.Rb1 Qe7 21.Rbc1 Bxa3 22.Rxc7 Bxc1
23.Rxe7 Rxe7 24.Qc2 Nxd2 25.Nxd2 Bxd2 26.Bxd5 Bb4 27.Ba2 Bd6 28.Kf1 g6 29.d5 a3
30.Qc4 Rc7 31.Qh4 Rc1+ 32.Kg2 Rxb5 33.e4 Rb2 34.Qf6 Bc5 35.d6 Rxf2+ 36.Qxf2  0-1

[Event "PRO League KO Stage 2017"]
[Site "chess.com INT"]
[Date "2017.03.08"]
[Round "2"]
[White "Nakamura,Hi"]
[Black "Perez Ponsa,F"]
[Result "1-0"]
[WhiteElo "2793"]
[BlackElo "2577"]

1.d4 Nf6 2.c4 e6 3.Nc3 Bb4 4.g3 O-O 5.Bg2 d5 6.a3 Bxc3+ 7.bxc3 dxc4 8.Qa4 Bd7
9.Qxc4 Bc6 10.f3 Nbd7 11.e4 a6 12.a4 a5 13.Qb3 Nb6 14.Ne2 Qd7 15.c4 Nxa4
16.d5 exd5 17.exd5 Nxd5 18.cxd5 Bb5 19.Nd4 Rfe8+ 20.Kf2 Nc5 21.Qxb5 Qxb5
22.Nxb5 Nd3+ 23.Kg1 Re1+ 24.Bf1 Rae8 25.Kg2 Nxc1 26.Nxc7 Nb3 27.Ra3 R8e3
28.Bc4 Nd2 29.Rxe1 Rxe1 30.Rxa5 g6 31.d6 Nxc4 32.d7 Re2+ 33.Kg1 Rd2 34.Ra8+ Kg7
35.d8=Q Rxd8 36.Rxd8 Ne5 37.Kg2  1-0

[Event "PRO League KO Stage 2017"]
[Site "chess.com INT"]
[Date "2017.03.08"]
[Round "2"]
[White "Mareco,S"]
[Black "Nakamura,Hi"]
[Result "1-0"]
[WhiteElo "2664"]
[BlackElo "2793"]

1.Nf3 d5 2.c4 d4 3.b4 c5 4.e3 dxe3 5.fxe3 cxb4 6.d4 Nf6 7.Bd3 g6 8.a3 bxa3
9.O-O Bg7 10.Bxa3 O-O 11.Nc3 Nc6 12.h3 b6 13.Qe2 Bb7 14.Rac1 Rc8 15.Rfd1 Na5
16.Bb4 Nc6 17.Ba3 Bh6 18.Rc2 Re8 19.c5 e5 20.d5 Nxd5 21.Nxd5 Qxd5 22.Bxg6 Qb3
23.Rd3 Qa4 24.Bxf7+ Kxf7 25.Ng5+ Kg8 26.Qh5 Re7 27.Rf2 Bxg5 28.Qxg5+ Rg7
29.Qf5 Ne7 30.Qxc8+  1-0

[Event "ch-USA 2017"]
[Site "Saint Louis USA"]
[Date "2017.03.09"]
[Round "11.2"]
[White "Nakamura,Hi"]
[Black "Akobian,V"]
[Result "1-0"]
[WhiteElo "2793"]
[BlackElo "2645"]

1.Nf3 Nf6 2.g3 d5 3.Bg2 c6 4.O-O Bg4 5.h3 Bxf3 6.Bxf3 Nbd7 7.d4 e6 8.Nd2 Be7
9.e4 dxe4 10.Nxe4 Nxe4 11.Bxe4 Nf6 12.Bg2 Qb6 13.c3 O-O 14.Qe2 Rfe8 15.Kh2 Rad8
16.b4 a5 17.bxa5 Qxa5 18.Bd2 Qa4 19.Rfb1 Rd7 20.Rb3 Rc8 21.Be1 b5 22.Rc1 c5
23.d5 exd5 24.Rxb5 c4 25.Rcb1 Bd6 26.Qd1 Qxd1 27.Rxd1 Be7 28.a4 Ra8 29.a5 Bd8
30.Ra1 Rda7 31.Bxd5 Nxd5 32.Rxd5 Bxa5 33.Bd2 h6 34.Be3 Ra6 35.Ra3 Bc7 36.Rxa6 Rxa6
37.Rc5 Bd6 38.Rc8+ Kh7 39.Rxc4 Be5 40.Rc8 Ra3 41.c4 Kg6 42.Kg2 h5 43.Re8 f6
44.Re7 Rc3 45.c5 Kh7 46.Kf1 Rc4 47.Ke2 Kg6 48.Kd3 Rc3+ 49.Ke4 h4 50.g4 Bh2
51.f4 Rc2 52.Kd3 Ra2 53.c6 Ra6 54.c7 Rc6 55.Kd4 f5 56.Kd5  1-0

[Event "ch-USA 2017"]
[Site "Saint Louis USA"]
[Date "2017.03.31"]
[Round "3.2"]
[White "Nakamura,Hi"]
[Black "Xiong,Jeffery"]
[Result "1/2-1/2"]
[WhiteElo "2793"]
[BlackElo "2674"]

1.e4 e5 2.Nf3 Nc6 3.Bc4 Bc5 4.O-O Nf6 5.d3 d6 6.c3 h6 7.b4 Bb6 8.a4 a5 9.b5 Ne7
10.Nbd2 O-O 11.Re1 Ng6 12.Bb3 Re8 13.Nc4 Bc5 14.h3 c6 15.Bd2 Be6 16.bxc6 bxc6
17.d4 Ba7 18.dxe5 dxe5 19.Ba2 Qc7 20.Qc2 Red8 21.Be3 Bxe3 22.Nxe3 Bxa2 23.Rxa2 Nd7
24.Nd2 Nc5 25.Nb3 Nxb3 26.Qxb3 Nf4 27.Raa1 Rab8 28.Qc2 Qd6 29.Red1 Qc5 30.Kh2 Ne6
31.h4  1/2-1/2